| 000 | 00873nam a22002177a 4500 | ||
|---|---|---|---|
| 999 |
_c371097 _d371097 |
||
| 008 | 201127b ||||| |||| 00| 0 eng d | ||
| 040 |
_aDE-2950 _bger _cDE-2950 _erda |
||
| 041 | _ager | ||
| 100 | _aSteiger, Daniel: | ||
| 245 |
_aMord und Kannibalismus. _bEin mysteriöser Todesfall erschütterte im Jahr 1913 die Niederlausitz. Im Verdacht steht eine Frau aus Drebkau ...Minna Köckritz ... _cDaniel Steiger |
||
| 264 | _c2021 | ||
| 490 | _aBrandenburger Blätter vom 06./07.11.2021 | ||
| 653 | _aDrebkau / Niederlausitz | ||
| 653 | _aGewaltverbrechen | ||
| 653 | _aKöckritz, Minna 1877-1914 | ||
| 773 |
_dFrankfurt (Oder) Märkisches Verlags- und Druckhaus GmbH & Co KG _tMärkische Oderzeitung _g32. Jahrgang (2021) Nr. 260 vom 06./07.11.2021, Journal am Wochenende, S. 5 |
||
| 942 | _cA | ||